Loading...
| History - American | 0 | 5 | 1 | 0 | 45 | 27 | 81.20 | 1 | 1 | 19.76 | 30.56 |
| Mythology | 0 | 2 | 0 | 1 | 20 | 98 | 110.50 | 0 | 0 | 2.67 | 6.48 |
| Philosophy | 0 | 2 | 0 | 0 | 20 | 73 | 78.50 | 0 | 0 | 7.11 | 14.81 |
| History - Other | 0 | 2 | 0 | 0 | 20 | 91 | 105.50 | 0 | 0 | 4.86 | 4.63 |
| Social Science | 0 | 1 | 0 | 0 | 10 | 61 | 61.00 | 0 | 0 | 4.89 | 7.41 |
| Religion | 0 | 1 | 0 | 1 | 10 | 129 | 129.00 | 0 | 0 | 0.00 | 0.93 |
| Current Events | 0 | 1 | 1 | 0 | 5 | 38 | 38.00 | 1 | 1 | 23.44 | 33.33 |
| History - World | 0 | 1 | 1 | 0 | 5 | 142 | 142.00 | 0 | 0 | 0.00 | 0.93 |
| Literature - British | 0 | 0 | 0 | 0 | 0 | 0.00 | 0 | 0 | 0.00 | 0.00 | |
| Literature - European | 0 | 0 | 0 | 0 | 0 | 0.00 | 0 | 0 | 0.00 | 0.00 | |
| History - European | 0 | 1 | 2 | 0 | 0 | 118 | 118.00 | 0 | 0 | 1.10 | 5.56 |
| Fine Arts - Classical Music | 0 | 0 | 0 | 0 | 0 | 0.00 | 0 | 0 | 0.00 | 0.00 | |
| Literature - American | 0 | 0 | 1 | 0 | -5 | 0.00 | 0 | 0 | 0.00 | 0.00 | |
| Fine Arts - Other | 0 | 0 | 1 | 0 | -5 | 0.00 | 0 | 0 | 0.00 | 0.00 |